| 000 | 006770000a22002050004500 | ||
|---|---|---|---|
| 003 | LK-CoMWRAF | ||
| 005 | 20230925233847.0 | ||
| 008 | 230817t ||||| |||| 00| 0 eng d | ||
| 040 |
_aLK-CoMWRAF _dLK-CoMWRAF _eLK-CoMWRAF |
||
| 041 | _aeng | ||
| 082 |
_a297.61 _bARN |
||
| 100 | _aArnold, Thomas W. | ||
| 245 | _aThe Caliphate | ||
| 260 |
_aDelhi : _bAdam publishers, _c1984 |
||
| 300 | _a 267 p. ; 23 cm. | ||
| 500 | _aiIndex | ||
| 500 | _aProjects light on the Caliphate, its origin and theological sanction for the caliphate in the Quran. The spiritual powers of the Caliphs, its recognition between the 11th & 13th centuries. | ||
| 650 | _aCaliphate | ||
| 942 | _cBK | ||
| 999 |
_c2947 _d2947 |
||